On language / (Record no. 16240)

000 -LEADER
fixed length control field 01662nam a2200301 a 4500
001 - CONTROL NUMBER
control field ASIN0143030000
005 - DATE AND TIME OF LATEST TRANSACTION
control field 20170105102935.0
008 - FIXED-LENGTH DATA ELEMENTS--GENERAL INFORMATION
fixed length control field 151014s2003 xxu eng d
020 ## - INTERNATIONAL STANDARD BOOK NUMBER
International Standard Book Number 0143030000 (paperback)
020 ## - INTERNATIONAL STANDARD BOOK NUMBER
International Standard Book Number 9780143030003 (paperback)
040 ## - CATALOGING SOURCE
Original cataloging agency 0
050 04 - LIBRARY OF CONGRESS CALL NUMBER
Classification number P120.P64
082 04 - DEWEY DECIMAL CLASSIFICATION NUMBER
Classification number 415
Author Mark CHO 2003
100 1# - MAIN ENTRY--PERSONAL NAME
Personal name Chomsky, Noam.
245 10 - TITLE STATEMENT
Title On language /
Statement of responsibility, etc. Noam Chomsky.
260 ## - PUBLICATION, DISTRIBUTION, ETC.
Place of publication, distribution, etc. [S.l.] :
Name of publisher, distributor, etc. Penguin Books India Pvt Ltd,
Date of publication, distribution, etc. 2003.
300 ## - PHYSICAL DESCRIPTION
Extent 269 p. ;
Dimensions 22 cm.
520 ## - SUMMARY, ETC.
Summary, etc. Chomskys classic works language and responsibility and responsibility on language in one volume on language restores to print two of chomskys most famous and popular books in one omnibus editionlanguage and responsibility and reflections on language in language and responsibility, chomsky presents a fascinating self-portrait of his political, moral and linguistic thinking in reflections on language, he explores the more general implications of the study of language and offers incisive analyses of the controversies among psychologists, philosophers and linguists over fundamental questions of language featuring some of the noted linguist and political critics most informal and highly accessible work, this book is an ideal introduction to his thought.
650 #0 - SUBJECT ADDED ENTRY--TOPICAL TERM
Topical term or geographic name entry element Chomsky, Noam
650 #0 - SUBJECT ADDED ENTRY--TOPICAL TERM
Topical term or geographic name entry element Generative grammar
650 #0 - SUBJECT ADDED ENTRY--TOPICAL TERM
Topical term or geographic name entry element Grammar, Comparative and general
650 #0 - SUBJECT ADDED ENTRY--TOPICAL TERM
Topical term or geographic name entry element Language and languages
650 #0 - SUBJECT ADDED ENTRY--TOPICAL TERM
Topical term or geographic name entry element Language and languages--Political aspects
650 #0 - SUBJECT ADDED ENTRY--TOPICAL TERM
Topical term or geographic name entry element Linguistics
650 #0 - SUBJECT ADDED ENTRY--TOPICAL TERM
Topical term or geographic name entry element Political and social views
856 40 - ELECTRONIC LOCATION AND ACCESS
Materials specified Amazon.com
Uniform Resource Identifier <a href="http://www.amazon.com/exec/obidos/ASIN/0143030000/chopaconline-20">http://www.amazon.com/exec/obidos/ASIN/0143030000/chopaconline-20</a>
942 ## - ADDED ENTRY ELEMENTS (KOHA)
Source of classification or shelving scheme
Koha item type Book
Holdings
Withdrawn status Lost status Damaged status Not for loan Collection code Permanent Location Current Location Shelving location Date acquired Total Checkouts Full call number Barcode Date last seen Price effective from Koha item type
          Centre for International Peace & Stability (CIPS) Centre for International Peace & Stability (CIPS) General Stacks 10/14/2015   415 CHO 2003 CIPS0002671 10/14/2015 10/14/2015 Book
© 2023 Central Library, National University of Sciences and Technology. All Rights Reserved.